hiszpański słówka - Statystyki

Ogólne statystyki
  • Ten quiz został rozwiązany 168 razy
    167 od ostatniego zresetowania
  • Średni wynik to 37 z 108
Statystyki odpowiedzi
Hint Odpowiedź % Poprawnych
ja yo
94%
ty
91%
on/ona/Pan/Pani jest es
89%
jestem soy
85%
on/ona/ono el/ella/usted
84%
my nosotros
81%
jesteś eres
75%
wy vosotros
73%
książka el libro
72%
książka libro
71%
oni/one/państwo ellos/ellas/ustedes
70%
czerwony rojo
67%
biały blanco
65%
czarny negro
64%
hotel el hotel
61%
dzień el dia
59%
jesteśmy somos
59%
bank el banco
58%
niebieski azul
57%
szpital el hospital
57%
mleko la leche
57%
zielony verde
53%
imię nombre
52%
żółty amarillo
49%
restauracja el restaurante
49%
oni/one/Państwo są son
49%
mapa el mapa
48%
różowy rosa
48%
szkoła la escuela
47%
nowy neuvo
47%
stół la mesa
46%
lotnisko el aeropuerto
45%
problem el problema
44%
brązowy marrón
44%
szary gris
43%
zdjęcie la foto
43%
ulica la calle
42%
jesteście sois
42%
miasto ciudad
41%
pomarańczowy naranja
41%
krzesło la silla
40%
kraj país
37%
długopis el bolígrafo
36%
sklep la tienda
36%
uczeń el estudiante
35%
szybki rápido
35%
dyrektor el director
34%
ołówek el lápiz
34%
mały pequeño
34%
kelner el camarero
32%
policjant el policía
32%
ładny bonito
31%
Gdzie pracujesz ¿Dónde trabajas?
31%
nowoczesny moderno
31%
drogi caro
30%
długi largo
30%
Co robisz? ¿Qué haces?
30%
dłoń el mano
29%
piosenka la canción
29%
tani barato
26%
krótki corto
26%
lekarz el médico
26%
narodowość nacionalidad
26%
ekonomista el economista
25%
garaż el garaje
25%
nauczyciel el profesor
25%
ładny (do osoby) guapo
25%
stary viejo
24%
wygodny cómodo
23%
wiek edad
23%
drzewo el arbol
23%
brzydki feo
22%
fioletowy violeta
22%
Jaki/a jest twój/a... ¿Cuál es tu...
20%
nazwisko apellido
19%
kucharz el cocinero
19%
zeszyt el cuaderno
19%
niewygodny incómodo
16%
powolny lento
16%
pilot el piloto
15%
W czym pracujesz ¿En qué trabajas?
15%
adwokat el abogado
13%
biurko el escritorio
13%
firma la empresa
13%
inżynier el ingeniero
12%
sekretarz el secretario
12%
pielęgniarz el enfermero
10%
ogrodnik el jardinero
10%
fryzjer el peluquero
10%
recepcjonista el recepcionista
10%
zawód profesion
10%
kosz la papelera
8%
starodawny antiguo
7%
Czym się zajmujesz? ¿A qué te dedicas?
7%
gąbka la esponja
7%
miejsce pracy lugar de trabajo
7%
sprzedawca el dependiente
5%
komisariat la comisaría
5%
tablica la pizarra
5%
mazak el rotulador
4%
temperówka el sacapuntas
4%
plakat el cartel
3%
gumka la goma de borrar
3%
ulubiony sport deporte preferido
2%
księgowy el contable
2%
zakreślacz el marcador
2%
ulubione zwierzę mascota preferida
2%
ławka el pupitre
1%
Nie znaleziono quizów pasujących do podanych kryteriów
Rozkład punktacji
Procent ludzi z każdym wynikiem
Percentyl według liczby udzielonych odpowiedzi
Twoja historia wyników
Nie rozwiązałeś tego quizu od ostatniego zresetowania